Nấm lớn ở Việt Nam Tập 1 Nấm lớn ở Việt Nam
Giới thiệu các loài nấm lớn đã được ghi nhận ở nước ta từ trước đến nay; cung cấp những kiến thức cơ bản về đặc điểm, hệ thống, phương pháp nghiên cứu, đa dạng sinh học nấm lớn Việt Nam và mô tả các loài nấm
Na minha lista:
| Autor principal: | |
|---|---|
| Formato: | Livro |
| Idioma: | Vietnamese |
| Publicado em: |
H.
Khoa học Tự nhiên và Công nghệ
2011
|
| Edição: | Tái bản lần 2 |
| Assuntos: | |
| Tags: |
Adicionar Tag
Sem tags, seja o primeiro a adicionar uma tag!
|
| Thư viện lưu trữ: | Mạng thư viện Đại học Đà Nẵng |
|---|
| LEADER | 01531nam a2200385 4500 | ||
|---|---|---|---|
| 001 | 000025148 | ||
| 003 | 21639 | ||
| 005 | 20170531100502.0 | ||
| 008 | 170516s2011 viesd | ||
| 020 | |c 145000 | ||
| 041 | 0 | |a vie | |
| 082 | 1 | 4 | |a 635.8 |b TR-K |
| 100 | 1 | |a Trịnh Tam Kiệt | |
| 245 | 1 | 0 | |a Nấm lớn ở Việt Nam |c Trịnh Tam Kiệt |n Tập 1 |p Nấm lớn ở Việt Nam |
| 250 | |a Tái bản lần 2 | ||
| 260 | |a H. |b Khoa học Tự nhiên và Công nghệ |c 2011 | ||
| 300 | |a 334 tr. |b ảnh |c 24cm. | ||
| 504 | |a Thư mục: tr. 267-275. Phụ lục: tr. 277-334 | ||
| 520 | 3 | |a Giới thiệu các loài nấm lớn đã được ghi nhận ở nước ta từ trước đến nay; cung cấp những kiến thức cơ bản về đặc điểm, hệ thống, phương pháp nghiên cứu, đa dạng sinh học nấm lớn Việt Nam và mô tả các loài nấm | |
| 650 | 0 | 4 | |a Nấm |
| 650 | 0 | 4 | |a Nấm |x Phân loại |
| 653 | |a Nấm | ||
| 653 | |a Việt Nam | ||
| 653 | |a Nấm lớn | ||
| 773 | |t Nấm lớn ở Việt Nam |w 21638 | ||
| OWN | |a LSP | ||
| AVA | |a UDN50 |b LSP |d 635.8 TR-K |e available |t Error 5001 Not defined in file expand_doc_bib_avail. |f 1 |g 0 |h N |i 0 |k 1 | ||
| 999 | |a From the UDN01 | ||
| AVA | |a UDN50 |b LSP |d 635.8 TR-K |e available |t Error 5001 Not defined in file expand_doc_bib_avail. |f 1 |g 0 |h N |i 0 |k 1 | ||
| TYP | |a Monograph | ||
| TYP | |a Printed language | ||
| 980 | |a Mạng thư viện Đại học Đà Nẵng | ||